Manual para elaborar citas y referencias en formato APA : (Registro nro. 30741)
[ vista simple ]
| 000 -LEADER | |
|---|---|
| fixed length control field | 02801nam a2200313Ia 4500 |
| 003 - CONTROL NUMBER IDENTIFIER | |
| control field | CO-CtgCURN |
| 005 - DATE AND TIME OF LATEST TRANSACTION | |
| control field | 20250410220219.0 |
| 008 - FIXED-LENGTH DATA ELEMENTS--GENERAL INFORMATION | |
| fixed length control field | 220303s2021 xx 000 0 und d |
| 020 ## - INTERNATIONAL STANDARD BOOK NUMBER | |
| International Standard Book Number | 9789585030664 |
| 040 ## - CATALOGING SOURCE | |
| Original cataloging agency | CO-CtgCURN |
| Language of cataloging | spa |
| Transcribing agency | coctgcurn |
| 082 ## - DEWEY DECIMAL CLASSIFICATION NUMBER | |
| Classification number | 010.72 |
| Item number | V433 |
| 100 ## - MAIN ENTRY--PERSONAL NAME | |
| Personal name | Velasco Ponce, Arely |
| Relator term | autora |
| 245 #0 - TITLE STATEMENT | |
| Title | Manual para elaborar citas y referencias en formato APA : |
| Remainder of title | basado en la 7a edición de las normas APA / |
| Statement of responsibility, etc. | Arely Velasco Ponce; prólogo., Mario Muñoz González |
| 250 ## - EDITION STATEMENT | |
| Edition statement | 1 edición |
| 260 ## - PUBLICATION, DISTRIBUTION, ETC. | |
| Place of publication, distribution, etc. | Bogotá, Colombia : |
| Name of publisher, distributor, etc. | Ecoe Ediciones, |
| Date of publication, distribution, etc. | 2021 |
| 300 ## - PHYSICAL DESCRIPTION | |
| Extent | 124 páginas : |
| Other physical details | imágenes, tablas ; |
| Dimensions | 21 centímetros |
| 490 ## - SERIES STATEMENT | |
| Series statement | Educación y Pedagogía. Pedagogía |
| 500 ## - GENERAL NOTE | |
| General note | Incluye introducción, prólogo e índices |
| 504 ## - BIBLIOGRAPHY, ETC. NOTE | |
| Bibliography, etc. note | Incluye referencias bibliográficas (p. [119]-124 |
| 505 ## - FORMATTED CONTENTS NOTE | |
| Formatted contents note | Cap. 1. ¿Qué es y para que sirve el formato APA? -- Generalidades de las normas APA -- Adecuaciones al español -- Principales cambios en la 7a edición -- Abreviaturas -- Cap. 2. Citas textuales y no textuales -- Elementos básicos de las citas y referencias -- Responsable -- Fecha -- Título -- Fuente -- ¿Qué son las citas? -- Cita directa corta parentética -- Cita directa corta narrativa -- Cita directa en bloque parentética -- Cita directa en bloque narrativa -- Cita directa parentética -- Cita indirecta narrativa -- Cita de un material mas de una vez -- Citación de fuentes con mas de un autor -- Citación de fuentes secundarias -- Citación de tablas, figuras e ilustraciones -- Citación de fuentes no accesibles -- Citación de fuentes audiovisuales -- Citación de obras religiosas -- Citación de un conjunto de datos -- Cap. 3. Referencias, estructura y ejemplos -- Construcción de la lista de referencias -- Grupos y subgrupos de referencias -- Lista de referencias. |
| 520 ## - SUMMARY, ETC. | |
| Summary, etc. | Este manual, compuesto por tres capítulos, explica paso a paso como elaborar adecuadamente citas y referencias en formato APA teniendo en cuenta los soportes documentales mas consultados, todo según los parámetros de la séptima edición. La obra facilita la comprensión de los elementos al utilizar un método de colores asignado a cada uno de ellos y presentando ejemplos y ejercicios para cada tema. Esta dirigido a docentes, bibliotecas, alumnos y todos aquellos que por sus actividades académicas o de investigación tengan la necesidad de utilizar el formato APA, ya sea para enseñar o para la construccion de trabajos porpios. |
| 521 ## - TARGET AUDIENCE NOTE | |
| Target audience note | AREA BASICA |
| 590 ## - LOCAL NOTE (RLIN) | |
| Local note | Programa de Derecho_18 |
| 650 ## - SUBJECT ADDED ENTRY--TOPICAL TERM | |
| Topical term or geographic name entry element | Bibliografía |
| 650 ## - SUBJECT ADDED ENTRY--TOPICAL TERM | |
| Topical term or geographic name entry element | Citas bibliográficas |
| 700 ## - ADDED ENTRY--PERSONAL NAME | |
| Personal name | Muñoz González, Mario |
| Relator term | prólogo |
| 942 ## - ADDED ENTRY ELEMENTS (KOHA) | |
| Koha item type | Libros |
| Classification part | 010.72 |
| Item part | V433 |
| Koha issues (borrowed), all copies | 1 |
| Source of classification or shelving scheme | Dewey Decimal Classification |
| Suppress in OPAC | No |
| Withdrawn status | Lost status | Source of classification or shelving scheme | Damaged status | Not for loan | Collection | Home library | Current library | Shelving location | Date acquired | Source of acquisition | Inventory number | Total checkouts | Full call number | Barcode | Date last seen | Date last checked out | Copy number | Price effective from | Koha item type | Public note |
|---|---|---|---|---|---|---|---|---|---|---|---|---|---|---|---|---|---|---|---|---|
| Dewey Decimal Classification | Miguel Henríquez Castañeda Barranquilla | Miguel Henríquez Castañeda Barranquilla | General | 03/02/2022 | Compra OC-12-009-21 | 05012 | 1 | 010.72 V433 | 05012 | 03/27/2023 | 03/22/2023 | ej.1 | 03/03/2022 | Libros | Compra OC-12-009-21 IIP 2021 |